Normal view
MARC view
Entry Topical Term
001 - CONTROL NUMBER
- control field: 21805
003 - CONTROL NUMBER IDENTIFIER
- control field: ARRUPE
005 - DATE AND TIME OF LATEST TRANSACTION
- control field: 20160126114825.0
008 - FIXED-LENGTH DATA ELEMENTS
- fixed length control field: 160126|| aca||aabn | a|a d
040 ## - CATALOGING SOURCE
- Original cataloging agency: ARRUPE
- Transcribing agency: ARRUPE
150 ## - HEADING--TOPICAL TERM
- Topical term or geographic name as entry element: Antiquities
- Geographic subdivision: Rhodesia
670 ## - SOURCE DATA FOUND
- Source citation: Work cat.: (ARRUPE): Hall, Richard N. 21803, Pre-Historic Rhodesia, 1909